000 00489nam a2200181Ia 4500
008 230524s9999 xx 000 0 und d
020 _a9788182813243
082 _a657
_bSAT
100 _aMayadhar Satpathy
_941990
245 0 _aFinancial and Management Accounting: Theory & Practice
250 _a1
260 _aNew Delhi
_bVrinda Publi.
_c2009
300 _a"XIV,570p;"
500 _aQuantity Number: 1
650 _aManagement
700 _aAnsuman Sahoo
_941991
942 _cBK
999 _c56407
_d56407